000 00761nam a2200217Ii 4500
003 JO-AjNU
008 230605s9999||||xx |||||||||||||| ||und||
017 _a1986/383
040 _aJO-AjNU
_bara
_erda
_cJO-AjNU
041 _aara
050 1 4 _aHQ799.15 1986
100 3 _aتأليف: هاريس، مارتا ...واخريات ؛ ترجمة: ضياء الدين ابو الحب، عدنان محمد حسن,
_eauthor
_917878
245 0 0 _aابنك المراهق : كيف تفهمه وترعاه
250 _aط2
264 3 1 _aبغداد: مكتبة النهضة، 1986
300 _a184ص
336 _atext
_btxt
_2rdacontent
337 _aunmediated
_bn
_2rdamedia
338 _avolume
_bnc
_2rdacarrier
650 4 _aالمراهقة - رعاية
_917879
999 _aA5614
_c9182
_d9182